| 000 | 00637nam a2200217Ia 4500 | ||
|---|---|---|---|
| 003 | OSt | ||
| 005 | 20220925202909.0 | ||
| 006 | a|||||r|||| 00| 0 | ||
| 007 | ta | ||
| 008 | 220923b |||||||| |||| 00| 0 eng d | ||
| 037 | _cGeneral Book | ||
| 040 |
_aRTL _cRTL _beng |
||
| 041 |
_2eng _aeng |
||
| 245 | 0 | _aComparative study of female and male job satisfact | |
| 260 |
_aDelhi _bUniversity of Delhi _c1991 |
||
| 300 |
_a160p Bibliography: P 150-60 _ccm. |
||
| 490 | _aUniversity of Delhi, Commerce and Business (Faculty of-), Dissertation | ||
| 650 |
_aBanks _9233379 |
||
| 942 |
_cGB _2CC |
||
| 999 |
_c544473 _d544473 |
||